| 000 | 00827nam a22001815i 4500 | ||
|---|---|---|---|
| 001 | 158929 | ||
| 003 | ES-MaACL | ||
| 005 | 20230906211400.0 | ||
| 008 | 020307s1863 sp |||| | spa d | ||
| 040 |
_aCAM _bspa _cCAM |
||
| 100 | 1 |
_aMartinez, Cipriano. _9223050 |
|
| 245 | 1 | 0 |
_aCelar sin saber á quien _b: comedia en tres jornadas, original y en verso / _cimitación del teatro antiguo escrita por Cipriano Martinez. |
| 260 |
_aAlbacete : _b[s.n.], _c1863 ( _fImprenta de Sebastian Ruiz) |
||
| 300 |
_a65 p. ; _c20 cm. |
||
| 596 | 1 | _aEn pag.6 consta: "... Galería dramática y lírica titulada El Teatro ..." | |
| 852 |
_aES-MaACL _jF-8560(2) _z-- Enc. pasta española _q-- Falto de la cub. original _z-- Enc. en un vol. facticio formando parte de la col. facticia "Teatro español moderno", v. 12 |
||
| 999 |
_c158929 _d158929 |
||